Nonparametric methods in multivariate analysis / (Record no. 6799)
[ view plain ]
| 000 -LEADER | |
|---|---|
| fixed length control field | 00896cam a2200289 4500 |
| 001 - CONTROL NUMBER | |
| control field | 6799 |
| 003 - CONTROL NUMBER IDENTIFIER | |
| rucl marc code | BD-RjUL |
| 005 - DATE AND TIME OF LATEST TRANSACTION | |
| control field | 20211208234321.0 |
| 008 - FIXED-LENGTH DATA ELEMENTS--GENERAL INFORMATION | |
| fixed length control field | 120114s1971 nyu b 001 0 eng |
| 020 ## - INTERNATIONAL STANDARD BOOK NUMBER | |
| International Standard Book Number | 0471702404 |
| 035 ## - SYSTEM CONTROL NUMBER | |
| System control number | (BD-RjUL)6841 |
| 040 ## - CATALOGING SOURCE | |
| Original cataloging agency | DLC |
| Transcribing agency | DLC |
| Modifying agency | DLC |
| -- | BD-RjUL |
| Language of cataloging | eng |
| 041 ## - LANGUAGE CODE | |
| Language code of text/sound track or separate title | eng |
| 082 00 - DEWEY DECIMAL CLASSIFICATION NUMBER | |
| Classification number | 519.53 |
| Edition number | 19 |
| Author mark and year | PUN 1971 |
| 100 1# - MAIN ENTRY--PERSONAL NAME | |
| Personal name | Puri, Madan Lal. |
| 9 (RLIN) | 21373 |
| 245 10 - TITLE STATEMENT | |
| Title | Nonparametric methods in multivariate analysis / |
| Statement of responsibility, etc. | Madan Lal Puri [and] Pranab Kumar Sen. |
| 260 ## - PUBLICATION, DISTRIBUTION, ETC. (IMPRINT) | |
| Place of publication, distribution, etc. | New York : |
| Name of publisher, distributor, etc. | Wiley ; |
| Date of publication, distribution, etc. | c1971. |
| 300 ## - PHYSICAL DESCRIPTION | |
| Pagination | xi, 440 p. ; |
| Size | 23 cm. |
| 490 0# - SERIES STATEMENT | |
| Series statement | A Wiley publication in mathematical statistics |
| 504 ## - BIBLIOGRAPHY, ETC. NOTE | |
| Bibliography, etc | Bibliography: p. 415-432. |
| 650 #0 - SUBJECT ADDED ENTRY--TOPICAL TERM | |
| Topical term or geographic name as entry element | Multivariate analysis. |
| 9 (RLIN) | 24 |
| Topical term or geographic name as entry element | Nonparametric statistics. |
| 9 (RLIN) | 21374 |
| 700 1# - ADDED ENTRY--PERSONAL NAME | |
| Personal name | Sen, Pranab Kumar, |
| Dates associated with a name | 1937- |
| Relator term | joint author. |
| 942 ## - ADDED ENTRY ELEMENTS (KOHA) | |
| Source of classification or shelving scheme | Dewey Decimal Classification |
| Koha item type | Books |
| Lost status | Source of classification or shelving scheme | Damaged status | Not for loan | Permanent Location | Current Location | Shelving location | Date acquired | Source of acquisition | Cost, normal purchase price | Total Checkouts | Full call number | Date last seen | Copy number | Koha item type | Collection code |
|---|---|---|---|---|---|---|---|---|---|---|---|---|---|---|---|
| Dewey Decimal Classification | Central Library, University of Rajshahi | Central Library, University of Rajshahi | 29/05/1974 | National Book Agency | 215.00 | 519.53 PUN 1971 | 12/01/2014 | C-2 | Books | ||||||
| Dewey Decimal Classification | Central Library, University of Rajshahi | Central Library, University of Rajshahi | 11/10/1984 | Tappan- Tulip | 63.75 | 519.53 PUN 1971 | 12/01/2014 | C-8 | Books | ||||||
| Dewey Decimal Classification | Central Library, University of Rajshahi | Central Library, University of Rajshahi | 11/10/1984 | Tappan- Tulip | 63.75 | 519.53 PUN 1971 | 31/08/2016 | C-3 | Books | Non-fiction | |||||
| Dewey Decimal Classification | Central Library, University of Rajshahi | Central Library, University of Rajshahi | 11/10/1984 | Tappan- Tulip | 63.75 | 519.53 PUN 1971 | 31/08/2016 | C-4 | Books | Non-fiction | |||||
| Dewey Decimal Classification | Central Library, University of Rajshahi | Central Library, University of Rajshahi | 11/10/1984 | Tappan- Tulip | 63.75 | 519.53 PUN 1971 | 31/08/2016 | C-5 | Books | Non-fiction | |||||
| Dewey Decimal Classification | Central Library, University of Rajshahi | Central Library, University of Rajshahi | 11/10/1984 | Tappan- Tulip | 63.75 | 519.53 PUN 1971 | 31/08/2016 | C-6 | Books | Non-fiction | |||||
| Dewey Decimal Classification | Central Library, University of Rajshahi | Central Library, University of Rajshahi | 11/10/1984 | Tappan- Tulip | 63.75 | 519.53 PUN 1971 | 31/08/2016 | C-7 | Books | Non-fiction |